000 00517cab a2200217 4500
001 X691
008 090401t1993 xxu||||| |||| 00| 0 eng d
035 _a(Sirsi) u67059
041 _aeng
245 _aFarm stock valuations
260 _c1993
350 _a0
490 _aCS Monthly : Rural Practice
_v2(8) May 1993, 2(1)
650 _aCAAV
650 _aFARM STOCK VALUATIONS
650 _aINCOME TAX
650 _aINLAND REVENUE
690 _aRATING AND VALUATION
942 _n0
948 _c04/03/1997
999 _c41941
_d41941